La Primera Guerra Mundial en la costa de Chile: una neutralidad que no fue tal

সংরক্ষণ করুন:
গ্রন্থ-পঞ্জীর বিবরন
প্রধান লেখক: Bravo Valdivieso, Germán (Author)
বিন্যাস: গ্রন্থ
ভাষা:স্প্যানিশ
প্রকাশিত: Viña del Mar Altazor 2005
সংস্করন:1a. ed
বিষয়গুলি:
ট্যাগগুলো: ট্যাগ যুক্ত করুন
কোনো ট্যাগ নেই, প্রথমজন হিসাবে ট্যাগ করুন!

MARC

LEADER 00000nam a2200000 a 4500
001 UCK4664
003 CL-VaPUC
008 050617e20050000CL |||||||||||||||||spa|d
020 |a 9567472300 
082 0 4 |a 983.063  |b BRA  |2 21 
100 0 |a Bravo Valdivieso, Germán  |e author  |9 493251 
245 1 3 |a La Primera Guerra Mundial en la costa de Chile: una neutralidad que no fue tal 
250 |a 1a. ed 
300 |a 329 p 
942 |c BK 
945 |d 20050617 00:00:00  |a cmena 
260 |a Viña del Mar  |b Altazor  |c 2005 
650 0 |a Primera Guerra Mundial   |9 373283 
650 7 |a HISTORIA DE CHILE 1914-1918  |2 CL-VaPUC  |9 493252 
650 0 |a Salitre  |9 313872 
650 0 |a Relaciones Internacionales  |9 255740 
583 |a last modification  |c 20050617 00:00:00  |k Rodrigo Vera 
999 |c 313482  |d 313480 
952 |0 0  |1 0  |4 0  |6 983_063000000000000_BRA_2005  |7 0  |8 A  |9 384863  |a BIBHIS  |b BIBHIS  |d 2019-11-22  |i 4140338  |l 2  |m 1  |o 983.063 BRA 2005  |p 4140338  |r 2025-01-20  |s 2022-09-26  |w 2019-11-22  |y BK  |k HIS 
952 |0 0  |1 0  |4 0  |6 983_063000000000000_BRA_2005  |7 0  |8 X  |9 384864  |a FDOBUD  |b FDOBUD  |d 2019-11-22  |i 4587251  |o 983.063 BRA 2005  |p 4587251  |r 2019-11-22  |w 2019-11-22  |y BK_X  |k BUD